[Event "Sautron op 16th"]
[Site "Sautron"]
[Date "2016.10.23"]
[Round "2.18"]
[White "Careil, Maxime"]
[Black "Harutyunyan, Ruben"]
[Result "0-1"]
[WhiteElo "1867"]
[BlackElo "2136"]
[PlyCount "126"]
[EventDate "2016.10.22"]
[EventType "swiss"]
[EventRounds "9"]
[EventCountry "FRA"]
[SourceTitle "EXT 2019"]
[Source "ChessBase"]
[SourceDate "2018.10.10"]
[SourceVersion "1"]
[SourceVersionDate "2018.10.10"]
[SourceQuality "1"]

1. e4 c5 2. Nf3 d6 3. d4 cxd4 4. Nxd4 Nf6 5. Nc3 Nc6 6. Bg5 e6 7. Qd2 a6 8. 0-0-0 Bd7 9. Be2 Be7 10. f4 h6 11. Bh4 Rc8 12. Bf3 g5 13. Nxc6 Bxc6 14. fxg5 Nd7 15. Kb1 hxg5 16. Bg3 Ne5 17. Qd4 Qc7 18. Rhf1 Bd7 19. Qf2 Qc5 20. Be2 Qxf2 21. Rxf2 Bc6 22. Bf3 f6 23. h3 Kf7 24. Bxe5 dxe5 25. Rfd2 Rcd8 26. Bh5+ Kg7 27. Bg4 Rxd2 28. Rxd2 Kf7 29. a3 Rd8 30. Kc1 Rxd2 31. Kxd2 Bc5 32. Kd3 Bd4 33. Nd1 Bb5+ 34. c4 Bc6 35. b3 Ke7 36. Ne3 Be8 37. Nc2 Bb2 38. a4 Bg6 39. Ne3 Bd4 40. Bf3 Bxe3 41. Kxe3 Kd6 42. Kd3 Kc5 43. Kc3 a5 44. g4 b6 45. Bg2 Be8 46. Bf1 Bc6 47. Bd3 Kd6 48. Bc2 f5 49. exf5 exf5 50. Bxf5 Bg2 51. b4 Kc6 52. Be6 Bxh3 53. Bd5+ Kd6 54. Bf3 Bf1 55. Bd1 axb4+ 56. Kxb4 e4 57. Kc3 e3 58. Bf3 Kc5 59. Bd5 Be2 60. Be6 Bf3 61. Kd3 e2 62. Kd2 Kb4 63. Bd5 Bxg4 0-1

[Event "Sautron op 16th"]
[Site "Sautron"]
[Date "2016.10.22"]
[Round "5.19"]
[White "Micottis, Dorian"]
[Black "Careil, Maxime"]
[Result "1-0"]
[WhiteElo "2218"]
[BlackElo "1861"]
[PlyCount "137"]
[EventDate "2016.10.22"]
[EventType "swiss"]
[EventRounds "9"]
[EventCountry "FRA"]
[SourceTitle "EXT 2019"]
[Source "ChessBase"]
[SourceDate "2018.10.10"]
[SourceVersion "1"]
[SourceVersionDate "2018.10.10"]
[SourceQuality "1"]

1. e4 e5 2. Nf3 Nc6 3. Bb5 a6 4. Ba4 Nf6 5. 0-0 Be7 6. d4 exd4 7. Re1 b5 8. Bb3 d6 9. Bd5 Nxd5 10. exd5 Ne5 11. Nxd4 0-0 12. h3 Bd7 13. Nc3 Qb8 14. b3 Re8 15. Bb2 Qb7 16. a3 Bf6 17. Rb1 Re7 18. Ne4 Rae8 19. Nxf6+ gxf6 20. c4 c5 21. dxc6 Bxc6 22. f4 Bxg2 23. fxe5 Bxh3 24. Qf3 Qxf3 25. Nxf3 fxe5 26. c5 dxc5 27. Nxe5 f6 28. Nf3 Rxe1+ 29. Rxe1 Rxe1+ 30. Nxe1 Kf7 31. Nd3 c4 32. bxc4 bxc4 33. Nc5 Bc8 34. Ne4 Bf5 35. Nxf6 Ke6 36. Kf2 Kd6 37. Ke3 Kc5 38. Kd2 Kb5 39. Kc3 Kc5 40. Bc1 Bd3 41. Bg5 Kb5 42. Nd5 Ka4 43. Be7 Kb5 44. Kb2 Kc6 45. Nc3 h5 46. Kc1 Kd7 47. Bh4 Ke6 48. Kd2 Kf5 49. Nd5 Kg4 50. Be7 h4 51. Bd6 Kf3 52. Nb4 Bf1 53. Kc3 h3 54. Nxa6 Kg2 55. a4 h2 56. Bxh2 Kxh2 57. a5 Kg3 58. Nb4 Kf4 59. a6 Bg2 60. Kd4 Ba8 61. Kxc4 Ke5 62. Kc5 Ke6 63. Kb6 Kd6 64. Nd3 Kd7 65. Ne5+ Kc8 66. Nc4 Kb8 67. Nd6 Bg2 68. a7+ Ka8 69. Nb5 1-0

[Event "Sautron op 14th"]
[Site "Sautron"]
[Date "2014.10.26"]
[Round "3"]
[White "Careil, Maxime"]
[Black "Zubarev, Alexander2222"]
[Result "0-1"]
[WhiteElo "1774"]
[BlackElo "2588"]
[PlyCount "46"]
[EventDate "2014.10.26"]
[EventType "swiss"]
[EventRounds "9"]
[EventCountry "FRA"]
[SourceTitle "EXT 2015"]
[Source "ChessBase"]
[SourceDate "2014.11.20"]
[SourceVersion "1"]
[SourceVersionDate "2014.11.20"]
[SourceQuality "1"]

1. e4 c5 2. Nf3 e6 3. d4 cxd4 4. Nxd4 a6 5. Nc3 b5 6. Be3 Bb7 7. Bd3 Qc7 8. a3 d6 9. f4 Nd7 10. Qd2 Ngf6 11. 0-0-0 Be7 12. h3 0-0 13. g4 Nc5 14. e5 dxe5 15. fxe5 Qxe5 16. Rhe1 Nd5 17. Bg1 Nxd3+ 18. Qxd3 Qf4+ 19. Kb1 Nxc3+ 20. Qxc3 Rac8 21. Be3 Qh2 22. Qd3 Qxh3 23. Qe2 Qg2 0-1

[Event "Rohde op 08th"]
[Site "Sautron"]
[Date "2008.10.26"]
[Round "2"]
[White "Careil, Maxime"]
[Black "Templier, Benoit"]
[Result "0-1"]
[WhiteElo "1910"]
[BlackElo "1709"]
[PlyCount "62"]
[EventDate "2008.10.25"]
[EventType "swiss"]
[EventRounds "9"]
[EventCountry "FRA"]
[SourceTitle "EXT 2009"]
[Source "ChessBase"]
[SourceDate "2008.11.26"]
[SourceVersion "1"]
[SourceVersionDate "2008.11.26"]
[SourceQuality "1"]

1. e4 e6 2. d4 d5 3. Nc3 Bb4 4. e5 c5 5. a3 Bxc3+ 6. bxc3 Qc7 7. Bg5 cxd4 8. cxd4 Qc3+ 9. Bd2 Qxd4 10. Nf3 Qe4+ 11. Be2 Nc6 12. 0-0 Nge7 13. Re1 Qa4 14. Bd3 b6 15. Qe2 Bd7 16. Rec1 Nd4 17. Nxd4 Qxd4 18. c4 0-0 19. Bc3 Qh4 20. Bb4 Rfe8 21. g3 Qh3 22. Qf3 Bc6 23. Bf1 Qf5 24. Qe3 Ng6 25. f4 Qe4 26. Qf2 dxc4 27. Bg2 Qxg2+ 28. Qxg2 Bxg2 29. Kxg2 b5 30. a4 a6 31. Rd1 Nf8 0-1